000 00667nam a2200205Ia 4500
005 20250508160157.0
008 008 250505s9999 xx 000 0 eng d
037 _aBooks to be hide in OPAC
040 _aFEDL
_beng
_cFEDL
041 _aeng
_2eng
084 _a001.42, RAW/O
_qFEDL
100 _aRawat D S
245 0 _aResearch in classroom: A handbook for teachers
245 0 _cNational Council of Educational Research and Training
260 _aNew Delhi, India
_bNational Council of Educational Research and Training
_c1969
300 _axi,120p
650 _aResearch methods
942 _cHB
_h001.42, RAW/O
999 _c1362441
_d1362441